Central Library || Chittagong University

Modern technology of bleaching, dyeing, printing and finishing of textiles. (Record no. 93307)

MARC details
000 -LEADER
fixed length control field 00718nam a2200229 a 4500
001 - CONTROL NUMBER
control field 093307
003 - CONTROL NUMBER IDENTIFIER
control field BD-ChCU
005 - DATE AND TIME OF LATEST TRANSACTION
control field 20230204170213.0
008 - FIXED-LENGTH DATA ELEMENTS--GENERAL INFORMATION
fixed length control field 0000s2016 aii b 002 eng
020 ## - INTERNATIONAL STANDARD BOOK NUMBER
International Standard Book Number 978 81 89765 16 3
040 ## - CATALOGING SOURCE
Original cataloging agency DLC
Transcribing agency DLC
Modifying agency BD-ChCU
082 00 - DEWEY DECIMAL CLASSIFICATION NUMBER
Classification number 677.02835/M689
100 1# - MAIN ENTRY--PERSONAL NAME
Personal name Eiri Board of Consultants & Enginners.
Titles and words associated with a name
245 10 - TITLE STATEMENT
Title Modern technology of bleaching, dyeing, printing and finishing of textiles.
Statement of responsibility, etc.
-- Eiri Board of Consultants & Engineers.
250 ## - EDITION STATEMENT
Edition statement ed.
260 ## - PUBLICATION, DISTRIBUTION, ETC.
Place of publication, distribution, etc. Delhi
Date of publication, distribution, etc. Engineers Index research institute.
--
300 ## - PHYSICAL DESCRIPTION
Extent 331pg
504 ## - BIBLIOGRAPHY, ETC. NOTE
Bibliography, etc. note Includes index and bibliography.
650 ## - SUBJECT ADDED ENTRY--TOPICAL TERM
Topical term or geographic name entry element Textile chemistry
Location of event Textile Chemisty
700 ## - ADDED ENTRY--PERSONAL NAME
Personal name
942 ## - ADDED ENTRY ELEMENTS (KOHA)
Source of classification or shelving scheme Dewey Decimal Classification
Koha item type Books
Holdings
Withdrawn status Lost status Source of classification or shelving scheme Damaged status Not for loan Home library Current library Shelving location Date acquired Source of acquisition Total Checkouts Full call number Barcode Date last seen Copy number Price effective from Koha item type Public note
    Dewey Decimal Classification     Chittagong University Library Applied Chemistry and Chemical Engineering Seminar Library Science Reading Room 08/24/2016 Purchase   677.02835/M689 310802 08/08/2017 01 08/24/2016 Books Seminar (Applied Chemistry)
    Dewey Decimal Classification     Chittagong University Library Applied Chemistry and Chemical Engineering Seminar Library Science Reading Room 08/24/2016 Purchase   677.02835/M689 310803 08/24/2016 02 08/24/2016 Books Seminar (Applied Chemistry)
© Copyright 2026. Chittagong University Library, Installation and Maintenance by Prof. Dr. Md. Alamgir, 01711306253